Latin America : Highlights from the Implementation of the System of National Accounts 1993 (1993 SNA) /

This paper reviews the Latin American experience with the implementation of 1993 SNAand the updating of the national accounts' base year. It also makes a preliminary assessment of the possible estimation biases in nominal GDP estimates stemming from the use of outdated national accounts base ye...

全面介紹

書目詳細資料
主要作者: Ramos, Roberto
其他作者: Pastor Campos, Gonzalo, Rivas, Lisbeth
格式: 雜誌
語言:English
出版: Washington, D.C. : International Monetary Fund, 2008.
叢編:IMF Working Papers; Working Paper ; No. 2008/239
在線閱讀:Full text available on IMF
LEADER 01633cas a2200265 a 4500
001 AALejournalIMF005396
008 230101c9999 xx r poo 0 0eng d
020 |c 5.00 USD 
020 |z 9781451870978 
022 |a 1018-5941 
040 |a BD-DhAAL  |c BD-DhAAL 
100 1 |a Ramos, Roberto. 
245 1 0 |a Latin America :   |b Highlights from the Implementation of the System of National Accounts 1993 (1993 SNA) /  |c Roberto Ramos, Lisbeth Rivas, Gonzalo Pastor Campos. 
264 1 |a Washington, D.C. :  |b International Monetary Fund,  |c 2008. 
300 |a 1 online resource (51 pages) 
490 1 |a IMF Working Papers 
500 |a <strong>Off-Campus Access:</strong> No User ID or Password Required 
500 |a <strong>On-Campus Access:</strong> No User ID or Password Required 
506 |a Electronic access restricted to authorized BRAC University faculty, staff and students 
520 3 |a This paper reviews the Latin American experience with the implementation of 1993 SNAand the updating of the national accounts' base year. It also makes a preliminary assessment of the possible estimation biases in nominal GDP estimates stemming from the use of outdated national accounts base years, downwards biases with household final consumption estimates, and an overestimation of gross fixed capital formation in construction activities. 
538 |a Mode of access: Internet 
700 1 |a Pastor Campos, Gonzalo. 
700 1 |a Rivas, Lisbeth. 
830 0 |a IMF Working Papers; Working Paper ;  |v No. 2008/239 
856 4 0 |z Full text available on IMF  |u http://elibrary.imf.org/view/journals/001/2008/239/001.2008.issue-239-en.xml  |z IMF e-Library